000 00360nam a22001577a 4500
003 SGT
020 _a812560075-2
082 _a615.19
_bSAR
100 _aSARDANA, DR. S.
245 _aA TEXTBOOK OF PHARMACEUTICAL BIOLOGY
250 _a8TH
260 _aINDIA
_bBIRLA PUB.
_c2026
300 _a260
650 _aPHARMACEUTICAL BIOLOGY
942 _2ddc
_cBK
999 _c32975
_d32975